| 000 | 01308nam a2200349 a 4500 | ||
|---|---|---|---|
| 999 |
_c200448915 _d67127 |
||
| 001 | 200448915 | ||
| 003 | TR-AnTOB | ||
| 005 | 20241112154311.0 | ||
| 007 | ta | ||
| 008 | 220607s2021 tu o|||| |||| 000 0btur d | ||
| 020 |
_a9786054397778 _q(paperback) |
||
| 020 |
_a9786054397785 _q(e-book) |
||
| 040 |
_aTR-AnTOB _beng _erda _cTR-AnTOB |
||
| 041 | 0 | _atur | |
| 044 | _ctu | ||
| 050 | 4 | _aHC491.5 | |
| 090 | 0 | 0 |
_aHC491.5 _b.K63 2021 |
| 100 | 1 |
_aArslan, Ahmet Duran _9137344 |
|
| 245 | 1 | 0 |
_aSıtkı Davut Koçman kitabı / _cAhmet Duran Arslan ; Ceyhun Sarı, Ekrem Ayan, Gizem Ece Gönül, Oktay Yivli, Veli Uğur ; proje yöneticisi Ali Bayrakdaroğlu, danıșman Ali Osman Gündoğan. |
| 264 | 1 |
_aMuğla : _bMuğla Sıtkı Koçman Universitesi, _c2021. |
|
| 300 |
_aXI, 76 pages : _bphotographs ; _c22 cm |
||
| 336 |
_atext _btxt _2rdacontent |
||
| 337 |
_aunmediated _bn _2rdamedia |
||
| 338 |
_avolume _bnc _2rdacarrier |
||
| 504 | _aBIB | ||
| 600 | 1 | 0 |
_aKoçman, Sıtkı Davut _9137345 |
| 650 | 0 | _aBusinessmen -- Turkey -- Biography | |
| 650 | 0 |
_aİş adamları _987683 _vBiyografi _zTürkiye |
|
| 856 | 4 | 1 |
_uhttp://acikerisim.mu.edu.tr/xmlui/bitstream/handle/20.500.12809/9586/Ko%c3%a7man.pdf?sequence=5&isAllowed=y _zElectronic version of the book |
| 942 |
_2lcc _cBK |
||